00611 2200241 4500001002100000005001700021008004100038020001800079035002400097082001100121090002100132100002100153245003700174250001100211260002500222300002700247440002200274650002200296850001500318985000600333999001500339999001500354YOGYA-0209000002822920090227024219.0 ind  a979-431-158-8 0010-020900000028229 a616.61 a616.61bJap PlT aJAPARIES, Willie aPenyakit ginjalcWillie Japaries aCet. 2 aJakartabArcanc1993 ax, 89 hlmbilusc18 cm aKesehatan populer aGinjal - Penyakit aYOPDYOG(B) a2 a95P0065694 a94P0052540